Gilbert White's journals, (Record no. 121099)
[ view plain ]
| 000 -LEADER | |
|---|---|
| fixed length control field | 01058cam a2200325 4500 |
| 001 - CONTROL NUMBER | |
| control field | 2658658 |
| 003 - CONTROL NUMBER IDENTIFIER | |
| control field | ARRUPE |
| 005 - DATE AND TIME OF LATEST TRANSACTION | |
| control field | 20141007140009.0 |
| 008 - FIXED-LENGTH DATA ELEMENTS--GENERAL INFORMATION | |
| fixed length control field | 700923r19701931enkabfh b 001 0 eng |
| 010 ## - LIBRARY OF CONGRESS CONTROL NUMBER | |
| LC control number | 71499437 |
| 015 ## - NATIONAL BIBLIOGRAPHY NUMBER | |
| National bibliography number | B70-13356 |
| 020 ## - INTERNATIONAL STANDARD BOOK NUMBER | |
| International Standard Book Number | 0715348884 |
| 040 ## - CATALOGING SOURCE | |
| Original cataloging agency | DLC |
| Transcribing agency | DLC |
| Modifying agency | DLC |
| 043 ## - GEOGRAPHIC AREA CODE | |
| Geographic area code | e-uk-en |
| 050 00 - LIBRARY OF CONGRESS CALL NUMBER | |
| Classification number | QH138.S4 |
| Item number | W32 |
| 082 00 - DEWEY DECIMAL CLASSIFICATION NUMBER | |
| Classification number | 500.9 |
| 300 ## - PHYSICAL DESCRIPTION | |
| Dimensions | 18cm. |
| 100 1# - MAIN ENTRY--PERSONAL NAME | |
| Personal name | White, Gilbert, |
| Dates associated with a name | 1720-1793. |
| 9 (RLIN) | 8557 |
| 240 10 - UNIFORM TITLE | |
| Uniform title | <a href="Journals of Gilbert White">Journals of Gilbert White</a> |
| 245 10 - TITLE STATEMENT | |
| Title | Gilbert White's journals, |
| Statement of responsibility, etc | edited by Walter Johnson. |
| 260 ## - PUBLICATION, DISTRIBUTION, ETC. (IMPRINT) | |
| Place of publication, distribution, etc | London |
| Name of publisher, distributor, etc | MacDonald |
| Date of publication, distribution, etc | 1982 |
| 300 ## - PHYSICAL DESCRIPTION | |
| Extent | xlii, 433 p.; |
| 500 ## - GENERAL NOTE | |
| General note | Originally published as The journals of Gilbert White, London, G. Routledge & Sons. 1931. |
| 504 ## - BIBLIOGRAPHY, ETC. NOTE | |
| Bibliography, etc | Bibliography: p. ix-x. |
| 600 10 - SUBJECT ADDED ENTRY--PERSONAL NAME | |
| Personal name | White, Gilbert, |
| Dates associated with a name | 1720-1793 |
| General subdivision | Diaries. |
| 9 (RLIN) | 12100 |
| 650 #0 - SUBJECT ADDED ENTRY--TOPICAL TERM | |
| Topical term or geographic name as entry element | Natural history |
| Geographic subdivision | England |
| -- | Selborne. |
| 9 (RLIN) | 12101 |
| 650 #0 - SUBJECT ADDED ENTRY--TOPICAL TERM | |
| Topical term or geographic name as entry element | Naturalists |
| Geographic subdivision | England |
| General subdivision | Diaries. |
| 9 (RLIN) | 12102 |
| 700 1# - ADDED ENTRY--PERSONAL NAME | |
| Personal name | Johnson, Walter, |
| Dates associated with a name | 1867- |
| 9 (RLIN) | 8556 |
| 906 ## - LOCAL DATA ELEMENT F, LDF (RLIN) | |
| a | 7 |
| b | cbc |
| c | orignew |
| d | 3 |
| e | ncip |
| f | 19 |
| g | y-gencatlg |
| 942 ## - ADDED ENTRY ELEMENTS (KOHA) | |
| Source of classification or shelving scheme | Library of Congress Classification |
| Koha item type | Monograph ( Printed materials) |
| Withdrawn status | Lost status | Source of classification or shelving scheme | Damaged status | Not for loan | Collection code | Home library | Current library | Shelving location | Date acquired | Total Checkouts | Full call number | Barcode | Date last seen | Price effective from | Koha item type |
|---|---|---|---|---|---|---|---|---|---|---|---|---|---|---|---|
| Library of Congress Classification | Main Collection | ARRUPE LIBRARY | ARRUPE LIBRARY | Main Collection | 07/10/2014 | QH138.S4 W32 | 46500001368 | 02/07/2019 | 07/10/2014 | Monograph ( Printed materials) |